000 00666nam a2200253Ia 4500
005 20250425162212.0
008 250425s9999 xx 000 0 und d
020 _a8423416828
041 _aspa
043 _ack
082 _a086.61
100 _aHARVARD, BUSINESS REVIEW
245 0 _aHARVARD BUSINESS REVIEW: DIRIGIR PERSONAS EN LA EMPRESA
250 _a1A ED.
260 _aBOGOTA
260 _aColombia
_bEDICIONES DEUSTO S.A.
_c1999
300 _a296
500 _aCOLECCION HARVARD BUSINESS REVIEW ENCICLOPEDIA
650 _aDIRECCION DE EMPRESAS
650 _aPERSONAL
710 _aEDICIONES DEUSTO S.A.
942 _c01
010 _a56489
999 _c224437
_d224437